Slovenská národnostná politika v medzinárodnom kontexte
Charakteristika formujúcej sa slovenskej národnostnej politiky vo vzťahu k medzinárodnej situácii. Tvorba systému vnútroštátnych právnych noriem SR z oblasti ochrany práv príslušníkov národnostných menšín a medzinárodné záväzky vyplývajúce z medzinárodných dohovorov pre SR ako zmluvnú stranu. Rozdie...
Salvato in:
| Autore principale: | |
|---|---|
| Natura: | Capitolo di libro |
| Lingua: | slovacco |
| Soggetti: | |
| Tags: |
Nessun Tag, puoi essere il primo ad aggiungerne!!
|
MARC
| LEADER | 00000naa a2200000 4500 | ||
|---|---|---|---|
| 001 | r021728 | ||
| 005 | 20230922114040.5 | ||
| 041 | 0 | |a slo | |
| 044 | |a SK | ||
| 245 | 1 | 0 | |a Slovenská národnostná politika v medzinárodnom kontexte |c P. Prochácka |
| 520 | |a Charakteristika formujúcej sa slovenskej národnostnej politiky vo vzťahu k medzinárodnej situácii. Tvorba systému vnútroštátnych právnych noriem SR z oblasti ochrany práv príslušníkov národnostných menšín a medzinárodné záväzky vyplývajúce z medzinárodných dohovorov pre SR ako zmluvnú stranu. Rozdielna predstava o efektívnej implementácii prijatých záväzkov na slovenskej politickej scéne. Medzinárodné dokumenty z oblasti práv a ochrany národnostných menšín prijaté od r.1990. | ||
| 610 | 2 | 0 | |a menšiny národnostné |
| 610 | 2 | 0 | |a legislatíva |
| 610 | 2 | 0 | |a predpisy právne |
| 610 | 2 | 0 | |a ochrana právna |
| 610 | 2 | 0 | |a zmluvy medzinárodné |
| 610 | 2 | 0 | |a Slovensko |
| 100 | 1 | |a Prochácka, P. | |